<?xml version="1.0" encoding="UTF-8"?>
<record
    xmlns:xsi="http://www.w3.org/2001/XMLSchema-instance"
    xsi:schemaLocation="http://www.loc.gov/MARC21/slim http://www.loc.gov/standards/marcxml/schema/MARC21slim.xsd"
    xmlns="http://www.loc.gov/MARC21/slim">

  <leader>02048nam a2200349 i 4500</leader>
  <controlfield tag="001">000000558</controlfield>
  <controlfield tag="003">DO-SdBNP</controlfield>
  <controlfield tag="005">20250618133503.0</controlfield>
  <controlfield tag="007">ta</controlfield>
  <controlfield tag="008">081030s2016    dr ac         001 0bspa d</controlfield>
  <datafield tag="020" ind1=" " ind2=" ">
    <subfield code="a">9789945410884</subfield>
  </datafield>
  <datafield tag="040" ind1=" " ind2=" ">
    <subfield code="a">DO-SdBNP</subfield>
    <subfield code="b">spa</subfield>
    <subfield code="c">BNPHU</subfield>
  </datafield>
  <datafield tag="082" ind1=" " ind2="4">
    <subfield code="a">923.17293</subfield>
    <subfield code="b">T866R</subfield>
    <subfield code="2">22</subfield>
  </datafield>
  <datafield tag="100" ind1="1" ind2=" ">
    <subfield code="a">Read Vittini, Mario,</subfield>
    <subfield code="d">1926-2010</subfield>
    <subfield code="e">autor</subfield>
    <subfield code="9">1841</subfield>
  </datafield>
  <datafield tag="245" ind1="1" ind2="0">
    <subfield code="a">Trujillo de cerca /</subfield>
    <subfield code="c">Mario Read Vittini ; pr&#xF3;logo Manuel N&#xFA;&#xF1;ez </subfield>
  </datafield>
  <datafield tag="264" ind1=" " ind2=" ">
    <subfield code="a">Santo Domingo :</subfield>
    <subfield code="b">Letra Gr&#xE1;fica,</subfield>
    <subfield code="c">2016.</subfield>
  </datafield>
  <datafield tag="300" ind1=" " ind2=" ">
    <subfield code="a">423 p&#xE1;ginas :</subfield>
    <subfield code="b">ilustraciones, retratos ;</subfield>
    <subfield code="c">24 cm.</subfield>
  </datafield>
  <datafield tag="336" ind1=" " ind2=" ">
    <subfield code="2">rdacontent</subfield>
    <subfield code="a">texto</subfield>
    <subfield code="b">txt</subfield>
  </datafield>
  <datafield tag="337" ind1=" " ind2=" ">
    <subfield code="2">rdamedia </subfield>
    <subfield code="a">sin mediaci&#xF3;n</subfield>
    <subfield code="b">n</subfield>
  </datafield>
  <datafield tag="338" ind1=" " ind2=" ">
    <subfield code="2">rdacarrier</subfield>
    <subfield code="a">volumen  </subfield>
    <subfield code="b">nc</subfield>
  </datafield>
  <datafield tag="490" ind1="0" ind2=" ">
    <subfield code="a">Vintage Books</subfield>
  </datafield>
  <datafield tag="500" ind1=" " ind2=" ">
    <subfield code="a">Incluye &#xED;ndice onom&#xE1;stico</subfield>
  </datafield>
  <datafield tag="500" ind1=" " ind2=" ">
    <subfield code="a">Incluye datos biogr&#xE1;ficos del autor en la solapa dela cubierta</subfield>
  </datafield>
  <datafield tag="505" ind1="0" ind2=" ">
    <subfield code="t">Pr&#xF3;logo /</subfield>
    <subfield code="r">Manuel N&#xFA;&#xF1;ez --</subfield>
    <subfield code="t">Algunas palabras necesarias --</subfield>
    <subfield code="t">Datos generales sobre Trujillo y su r&#xE9;gimen --</subfield>
    <subfield code="t">&#xBF;Qui&#xE9;n era Trujillo? --</subfield>
    <subfield code="t">Mis relaciones con Trujillo --</subfield>
    <subfield code="t">Mi situaci&#xF3;n con Trujillo --</subfield>
    <subfield code="t">La situaci&#xF3;n econ&#xF3;mica, social y pol&#xED;tica de la Rep&#xFA;blica al ascenso de Trujillo al poder --</subfield>
    <subfield code="t">El lado oscuro del r&#xE9;gimen --</subfield>
    <subfield code="t">Las actividades internacionales --</subfield>
    <subfield code="t">La parte positiva --</subfield>
    <subfield code="t">Trujillo y la iglesia --</subfield>
    <subfield code="t">Los monumentos y la prensa --</subfield>
    <subfield code="t">La administraci&#xF3;n --</subfield>
    <subfield code="t">La cultura, las artes y el deporte --</subfield>
    <subfield code="t">Trujillo fiestero --</subfield>
    <subfield code="t">Rebeld&#xED;a y sanci&#xF3;n --</subfield>
    <subfield code="t">La lucha clandestina y el asilamiento --</subfield>
    <subfield code="t">El exilio --</subfield>
    <subfield code="t">El atentado --</subfield>
    <subfield code="t">El regreso --</subfield>
    <subfield code="t">Reflexi&#xF3;n final --</subfield>
    <subfield code="t">&#xCD;ndice onom&#xE1;stico --</subfield>
    <subfield code="t">Carta que dirigi&#xF3; Modesto D&#xED;az a su familia pocos d&#xED;as antes de ser asesinado en la hacienda Mar&#xED;a.</subfield>
  </datafield>
  <datafield tag="590" ind1=" " ind2=" ">
    <subfield code="a">Inventariado, 2023/MFF</subfield>
  </datafield>
  <datafield tag="600" ind1="1" ind2="0">
    <subfield code="a">Trujillo Molina, Rafael Le&#xF3;nidas,</subfield>
    <subfield code="d"> 1891-1961</subfield>
    <subfield code="9">76764</subfield>
  </datafield>
  <datafield tag="651" ind1=" " ind2="4">
    <subfield code="a">Rep&#xFA;blica Dominicana</subfield>
    <subfield code="x">Pol&#xED;tica  gobierno </subfield>
    <subfield code="y">1930-1961</subfield>
    <subfield code="9">84413</subfield>
  </datafield>
  <datafield tag="651" ind1=" " ind2="4">
    <subfield code="a">Rep&#xFA;blica Dominicana</subfield>
    <subfield code="x">Pol&#xED;tica  y gobierno</subfield>
    <subfield code="y">1961-</subfield>
    <subfield code="9">204</subfield>
  </datafield>
  <datafield tag="700" ind1="1" ind2="2">
    <subfield code="a">N&#xFA;&#xF1;ez, Manuel,</subfield>
    <subfield code="d">1957-</subfield>
    <subfield code="e">pr&#xF3;logo</subfield>
    <subfield code="9">2366</subfield>
  </datafield>
  <datafield tag="910" ind1=" " ind2=" ">
    <subfield code="a">DG. Validado. Control de calidad MFF</subfield>
  </datafield>
  <datafield tag="942" ind1=" " ind2=" ">
    <subfield code="2">ddc</subfield>
    <subfield code="c">LBS1</subfield>
  </datafield>
  <datafield tag="952" ind1=" " ind2=" ">
    <subfield code="0">0</subfield>
    <subfield code="1">0</subfield>
    <subfield code="2">ddc</subfield>
    <subfield code="5">1</subfield>
    <subfield code="7">0</subfield>
    <subfield code="8">PD</subfield>
    <subfield code="a">BNPHU</subfield>
    <subfield code="b">BNPHU</subfield>
    <subfield code="c">HD</subfield>
    <subfield code="d">2022-11-03</subfield>
    <subfield code="e">por compra</subfield>
    <subfield code="l">0</subfield>
    <subfield code="o">BNPHU PD 923.17293 T866r</subfield>
    <subfield code="p">2022-4831</subfield>
    <subfield code="r">2022-11-03</subfield>
    <subfield code="w">2022-11-03</subfield>
    <subfield code="y">LBS1</subfield>
  </datafield>
  <datafield tag="999" ind1=" " ind2=" ">
    <subfield code="c">52760</subfield>
    <subfield code="d">52760</subfield>
  </datafield>
</record>
